Catholic University of Zimbabwe Library
Online Public Access Catalogue
(OPAC)

Perverse politics? : (Record no. 30560)

MARC details
000 -LEADER
fixed length control field 03188nam a2200433Ia 4500
001 - CONTROL NUMBER
control field ovld001900043
003 - CONTROL NUMBER IDENTIFIER
control field UtOrBLW
005 - DATE AND TIME OF LATEST TRANSACTION
control field 20210303085033.0
006 - FIXED-LENGTH DATA ELEMENTS--ADDITIONAL MATERIAL CHARACTERISTICS
fixed length control field m o d
007 - PHYSICAL DESCRIPTION FIXED FIELD--GENERAL INFORMATION
fixed length control field cr un|||||||||
008 - FIXED-LENGTH DATA ELEMENTS--GENERAL INFORMATION
fixed length control field 160504s2016 enk ob 000 0 eng d
020 ## - INTERNATIONAL STANDARD BOOK NUMBER
International Standard Book Number 9781786350732 (electronic bk.)
022 ## - INTERNATIONAL STANDARD SERIAL NUMBER
International Standard Serial Number 0198-8719
040 ## - CATALOGING SOURCE
Original cataloging agency UtOrBLW
050 #4 - LIBRARY OF CONGRESS CALL NUMBER
Classification number HQ1236
Item number .P47 2016
072 #7 - SUBJECT CATEGORY CODE
Subject category code JPA
Source bicssc
072 #7 - SUBJECT CATEGORY CODE
Subject category code POL010000
Source bisacsh
080 ## - UNIVERSAL DECIMAL CLASSIFICATION NUMBER
Universal Decimal Classification number 305
082 04 - DEWEY DECIMAL CLASSIFICATION NUMBER
Classification number 305.42
Edition number 23
245 00 - TITLE STATEMENT
Title Perverse politics? :
Remainder of title feminism, anti-imperialism, multiplicity /
Statement of responsibility, etc. edited by Ann Shola Orloff, Raka Ray, Evren Savci.
260 ## - PUBLICATION, DISTRIBUTION, ETC.
Place of publication, distribution, etc. Bingley, U.K. :
Name of publisher, distributor, etc. Emerald,
Date of publication, distribution, etc. 2016.
300 ## - PHYSICAL DESCRIPTION
Extent 1 online resource (xiii, 186 p.).
490 1# - SERIES STATEMENT
Series statement Political power and social theory,
International Standard Serial Number 0198-8719 ;
Volume/sequential designation v. 30
504 ## - BIBLIOGRAPHY, ETC. NOTE
Bibliography, etc. note Includes bibliographical references.
505 0# - FORMATTED CONTENTS NOTE
Formatted contents note Perverse politics? feminism, anti-imperialism, multiplicity / Ann Shola Orloff, Raka Ray, Evren Savci -- Perverse humanitarianism and the business of rescue: what's wrong with NGOs and what's right about the "Johns"? / Kimberly Kay Hoang -- Redemptive capitalism and sexual investability / Elizabeth Bernstein -- Troubling the subject of violence: the pacifist presumption, martial maternalism, and armed women in contemporary gun culture / Jennifer Carlson -- Feminism/s in power: rethinking gender equality after the second wave / Ann Shola Orloff, Talia Schiff -- Contextualizing the closet: naz, law, and sexuality in postcolonial India / Savina Balasubramanian -- Subjects of rights and subjects of cruelty: the production of an Islamic backlash against homosexuality in Turkey / Evren Savci.
520 ## - SUMMARY, ETC.
Summary, etc. The papers collected here offer anti-imperialist feminist alternatives to second wave feminism's often reductive understandings of freedom; emancipation; oppression; empowerment and democracy.
520 ## - SUMMARY, ETC.
Summary, etc. In this special issue, we address what we refer to as 'perversity of the political' or 'perverse politics': namely, the assumptions political theory and movements, and in our specific case feminism, often make on behalf of their subjects, and how their subjects, in return, perform individual and collective contrariness, unruliness and resistance to what is expected or desired from their 'subjectivity'. Specifically focusing on the themes of 'false consciousness', multiplicity, and uneasy alliances, the papers collected here seek to empirically lay out a number of such 'perverse' moments, and offer anti-imperialist feminist alternatives to second wave feminism's often reductive understandings of freedom; emancipation; oppression; empowerment and democracy.
588 0# - SOURCE OF DESCRIPTION NOTE
Source of description note Print version record
650 #7 - SUBJECT ADDED ENTRY--TOPICAL TERM
Topical term or geographic name entry element Political Science
General subdivision History & Theory.
Source of heading or term bisacsh
650 #7 - SUBJECT ADDED ENTRY--TOPICAL TERM
Topical term or geographic name entry element Political science and theory.
Source of heading or term bicssc
650 #0 - SUBJECT ADDED ENTRY--TOPICAL TERM
Topical term or geographic name entry element Feminism
General subdivision Political aspects.
700 1# - ADDED ENTRY--PERSONAL NAME
Personal name Orloff, Ann Shola.
700 1# - ADDED ENTRY--PERSONAL NAME
Personal name Ray, Raka.
700 1# - ADDED ENTRY--PERSONAL NAME
Personal name Savci, Evren.
776 1# - ADDITIONAL PHYSICAL FORM ENTRY
International Standard Book Number 9781786350749
830 #0 - SERIES ADDED ENTRY--UNIFORM TITLE
Uniform title Political power and social theory ;
Volume/sequential designation v. 30.
International Standard Serial Number 0198-8719.
856 40 - ELECTRONIC LOCATION AND ACCESS
Uniform Resource Identifier <a href="https://www.emerald.com/insight/publication/doi/10.1108/S0198-8719201630">https://www.emerald.com/insight/publication/doi/10.1108/S0198-8719201630</a>
912 ## -
-- ov19
-- 5/3/2016
-- 1900042
-- ovld
-- OE
-- ov
-- 5/4/2016
Holdings
Withdrawn status Lost status Source of classification or shelving scheme Damaged status Not for loan Home library Current library Shelving location Date acquired Total Checkouts Full call number Date last seen Uniform Resource Identifier Price effective from Koha item type
          Digital Library Digital Library Online Access 03.03.2021   HQ1236 .P47 2016 03.03.2021 https://www.emerald.com/insight/publication/doi/10.1108/S0198-8719201630 03.03.2021 eBook

OPENING HOURS

Weekdays: 0815hrs - 1800hrs
Weekends:0900hrs - 1200hrs

Closed for Mass:

Mon, Thur: 1200hrs - 1300hrs
Sunday & Public Holiday’s

CALL SUPPORT

0242-570570, 0242-570169
09200664, +263 8644140602

LOCATION

18443, Cranborne Avenue, Hatfield, Harare

Other Links


©2021 | CUZ Library